| 000 | 00498pam a2200157a 44500 | ||
|---|---|---|---|
| 008 | 230515b2003 xxu||||| |||| 00| 0 eng d | ||
| 020 | _a81-87498-69-2 | ||
| 041 | _aENGL | ||
| 082 | _aNULL | ||
| 100 | _a"HUSAIN ZAHID.," | ||
| 245 | _aENVIRONMENTAL ISSUES OF NORTH EAST INDIA | ||
| 250 | _a0 | ||
| 260 |
_aNEW DELHI _bREGENCY PUBLICATIONS _c2003 |
||
| 300 | _aXXVI+237 | ||
| 650 | _a"CROPS & THEIR PRODUCTION,CONTROLLED-ENVIRONMENT AGRICULTURE,LAND & WATER ENVIRONMENT,MANAGEMENT OF ENVIRONMENT" | ||
| 999 |
_c535958 _d535958 |
||